| 000 | 00708nam a2200205 a 4500 | ||
|---|---|---|---|
| 001 | 45236 | ||
| 003 | BD-RjUL | ||
| 005 | 20211209054002.0 | ||
| 008 | 160725s1949 dcub b f000 0 eng | ||
| 035 | _a(BD-RjUL)45354 | ||
| 040 |
_aDLC _cDLC _dDLC _dBD-RjUL _beng |
||
| 041 | 1 |
_aeng _hger |
|
| 082 | 0 | 0 |
_223 _a327.43 _bDOC 1949 |
| 245 | 0 | 0 |
_aDocuments on German foreign policy, 1918-1945 : _bfrom the archives of the German Foreign Ministry / |
| 260 |
_aLondon : _bHis Majestys Stationery Offiuce, _c1949 |
||
| 300 |
_acv, 1220 p. : _bill. ; _c24 cm. |
||
| 651 | 0 |
_aGermany _xForeign relations _y1918-1933 _vSources. _9138573 |
|
| 651 | 0 |
_aGermany _xForeign relations _y1933-1945 _vSources. _9138574 |
|
| 942 |
_2ddc _cBK |
||
| 999 |
_c45236 _d45236 |
||